F1 2ème au championnat du monde - Statistiques

Statistiques générales
  • Ce quiz a été pris 291 fois
  • Le résultat moyen est 43 sur 72
Statistiques - réponses
Année World Champion 2nd 3rd % Correct
2007 Kimi Raikkonen Lewis Hamilton Fernando Alonso
98%
2016 Nico Rosberg Lewis Hamilton Daniel Ricciardo
98%
2021 Max Verstappen Lewis Hamilton Valtteri Bottas
98%
2010 Sebastian Vettel Fernando Alonso Mark Webber
88%
2012 Sebastian Vettel Fernando Alonso Kimi Raikkonen
88%
2013 Sebastian Vettel Fernando Alonso Mark Webber
88%
2009 Jenson Button Sebastian Vettel Rubbens Barrichello
87%
2017 Lewis Hamilton Sebastian Vettel Valtteri Bottas
87%
2018 Lewis Hamilton Sebastian Vettel Kimi Raikkonen
87%
2019 Lewis Hamilton Valtteri Bottas Max Verstappen
87%
2020 Lewis Hamilton Valtteri Bottas Max Verstappen
87%
2014 Lewis Hamilton Nico Rosberg Daniel Ricciardo
86%
2015 Lewis Hamilton Nico Rosberg Sebastian Vettel
86%
1998 Mikka Hakkinen Michael Schumacher David Coulthard
85%
2006 Fernando Alonso Michael Schumacher Felipe Massa
85%
1983 Nelson Piquet Alain Prost Rene Arnoux
81%
1984 Niki Lauda Alain Prost Elio De Angelis
81%
1988 Ayrton Senna Alain Prost Gerhard Berger
81%
1990 Ayrton Senna Alain Prost Nelson Piquet
81%
1989 Alain Prost Ayrton Senna Riccardo Patrese
81%
1993 Alain Prost Ayrton Senna Damon Hill
81%
2008 Lewis Hamilton Felipe Massa Kimi Raikkonen
77%
1994 Michael Schumacher Damon Hill Gerhard Berger
72%
1995 Michael Schumacher Damon Hill David Coulthard
72%
2003 Michael Schumacher Kimi Raikkonen Juan Pablo Montoya
72%
2005 Fernando Alonso Kimi Raikkonen Michael Schumacher
72%
1976 James Hunt Niki Lauda Jody Scheckter
71%
2011 Sebastian Vettel Jenson Button Mark Webber
70%
2000 Michael Schumacher Mikka Hakkinen David Coulthard
69%
1950 Giuseppe Farina Juan Manuel Fangio Luigi Fagioli
68%
1953 Alberto Ascari Juan Manuel Fangio Giuseppe Farina
68%
2002 Michael Schumacher Rubbens Barrichello Juan Pablo Montoya
66%
2004 Michael Schumacher Rubbens Barrichello Jenson Button
66%
2001 Michael Schumacher David Coulthard Rubbens Barrichello
65%
1986 Alain Prost Nigel Mansell Nelson Piquet
65%
1987 Nelson Piquet Nigel Mansell Ayrton Senna
65%
1991 Ayrton Senna Nigel Mansell Riccardo Patrese
65%
1980 Alan Jones Nelson Piquet Carlos Reutemann
64%
1996 Damon Hill Jacques Villeneuve Michael Schumacher
61%
1951 Juan Manuel Fangio Alberto Ascari Jose Froilan Gonzalez
56%
1963 Jim Clark Graham Hill Richie Ginther
56%
1964 John Surtees Graham Hill Jim Clark
56%
1965 Jim Clark Graham Hill Jackie Stewart
56%
1968 Graham Hill Jackie Stewart Denny Hulme
56%
1972 Emerson Fittipaldi Jackie Stewart Denny Hulme
56%
1962 Graham Hill Jim Clark Bruce McLaren
56%
1967 Denny Hulme Jack Brabham Jim Clark
53%
1973 Jackie Stewart Emerson Fittipaldi Ronnie Peterson
51%
1975 Niki Lauda Emerson Fittipaldi Carlos Reutemann
51%
1952 Alberto Ascari Giuseppe Farina Piero Taruffi
48%
1955 Juan Manuel Fangio Stirling Moss Eugenio Castellotti
45%
1956 Juan Manuel Fangio Stirling Moss Peter Collins
45%
1957 Juan Manuel Fangio Stirling Moss Luigi Musso
45%
1958 Mike Hawthorn Stirling Moss Tony Brooks
45%
1977 Niki Lauda Jody Scheckter Mario Andretti
44%
1960 Jack Brabham Bruce McLaren Stirling Moss
39%
1981 Nelson Piquet Carlos Reutemann Alan Jones
36%
1992 Nigel Mansell Riccardo Patrese Michael Schumacher
36%
1999 Mikka Hakkinen Eddie Irvine Heinz-Harald Frentzen
35%
1974 Emerson Fittipaldi Clay Regazzoni Jody Scheckter
33%
1997 Jacques Villeneuve Heinz-Harald Frentzen David Coulthard
31%
1979 Jody Scheckter Gilles Villeneuve Alan Jones
28%
1971 Jackie Stewart Ronnie Peterson Francois Cevert
27%
1978 Mario Andretti Ronnie Peterson Carlos Reutemann
27%
1966 Jack Brabham John Surtees Jochen Rindt
24%
1959 Jack Brabham Tony Brooks Stirling Moss
24%
1969 Jackie Stewart Jacky Ickx Bruce McLaren
22%
1970 Jochen Rindt Jacky Ickx Clay Regazzoni
22%
1982 Keke Rosberg Didier Pironi John Watson
21%
1954 Juan Manuel Fangio Jose Froilan Gonzalez Mike Hawthorn
16%
1961 Phil Hill Wolfgang Von Trips Stirling Moss
12%
1985 Alain Prost Michele Alboreto Keke Rosberg
10%
Aucun quiz correspondant
Distribution des résultats
% des personnes avec chaque résultat
Percentile par nombre de réponses
Votre historique - résultats
Vous n’avez pas pris ce quiz